Normal view
MARC view
- Wells, Dare A.,
Entry Personal Name
001 - CONTROL NUMBER
- control field: 110954
003 - CONTROL NUMBER IDENTIFIER
- control field: NUST
005 - DATE AND TIME OF LATEST TRANSACTION
- control field: 20230321150833.0
008 - FIXED-LENGTH DATA ELEMENTS
- fixed length control field: 230321|| aca||aabn | a|a d
040 ## - CATALOGING SOURCE
- Original cataloging agency: NUST
- Transcribing agency: NUST
100 ## - HEADING--PERSONAL NAME
- Personal name: Wells, Dare A.,
- Dates associated with a name: 1899-
670 ## - SOURCE DATA FOUND
- Source citation: Work cat.: (NUST)0: Wells, Dare A., 1899-, Schaum's outline of theory and problems of Lagrangian dynamics,, [1967]
